000 00645nam a22002177a 4500
999 _c3321
_d3321
003 OSt
005 20231114114839.0
008 231114b ||||| |||| 00| 0 eng d
020 _a9789670624051
040 _cKH8
082 _a400 SUR
100 _aSuriani Zulkifli,
_eauthor.
245 _aAdikku Insan Istimewa /
_cSuriani Zulkifli.
260 _aKuala Lumpur ;
_bPustaka Kalam Bestari,
_c2014.
300 _a24 pages :
_bcolor illustrations ;
_c19 cm x 26 cm.
440 _aSiri Sikap Baik Dicontohi
650 _aDidactic diction
_vMalay
650 _aChildren's stories
_vMalay
830 _aSiri Sikap Baik Dicontohi
942 _2ddc
_cTR